|
|
|
|
| LEADER |
00000nam0a2200000 4500 |
| 001 |
342295 |
| 005 |
20251225071639.0 |
| 035 |
|
|
|a (RuTPU)RU\TPU\book\371008
|
| 090 |
|
|
|a 342295
|
| 100 |
|
|
|a 20190123d2018 k y0rusy50 ca
|
| 101 |
0 |
|
|a rus
|
| 102 |
|
|
|a RU
|
| 105 |
|
|
|a a dm 001zy
|
| 200 |
1 |
|
|a Совершенствование тепловой схемы утилизационной парогазовой установки с целью повышения эффективности генерации электрической энергии
|e автореферат диссертации на соискание ученой степени кандидата технических наук
|e спец. 05.14.14
|f С. А. Цибульский
|g Национальный исследовательский Томский политехнический университет (ТПУ) ; науч. рук. Н. Н. Галашов
|
| 210 |
|
|
|a Томск
|c [Б. и.]
|d 2018
|
| 215 |
|
|
|a 25 с.
|c ил.
|
| 300 |
|
|
|a Защита сост. 27.12.2018 г.
|
| 320 |
|
|
|a Библиогр.: с. 24-25 (17 назв.)
|
| 452 |
|
1 |
|0 (RuTPU)RU\TPU\book\370148
|t Совершенствование тепловой схемы утилизационной парогазовой установки с целью повышения эффективности генерации электрической энергии
|o автореферат диссертации на соискание ученой степени кандидата технических наук
|o спец. 05.14.14
|f С. А. Цибульский
|g Национальный исследовательский Томский политехнический университет ; науч. рук. Н. Н. Галашов
|c Томск
|d 2018
|a Цибульский, Святослав Анатольевич
|
| 606 |
1 |
|
|a Парогазовые установки
|2 stltpush
|3 (RuTPU)RU\TPU\subj\48287
|9 67163
|
| 610 |
1 |
|
|a цикл Ренкина
|
| 610 |
1 |
|
|a тепловые схемы
|
| 610 |
1 |
|
|a расчет
|
| 610 |
1 |
|
|a методики
|
| 610 |
1 |
|
|a параметрические исследования
|
| 610 |
1 |
|
|a воздушные конденсаторы
|
| 610 |
1 |
|
|a анализ
|
| 610 |
1 |
|
|a утилизационные установки
|
| 610 |
1 |
|
|a утилизационные ПГУ
|
| 610 |
1 |
|
|a авторефераты диссертаций
|
| 610 |
1 |
|
|a труды учёных ТПУ
|
| 675 |
|
|
|a 621.18:621.438(04)
|v 4
|
| 686 |
|
|
|a 05.14.14
|2 oksvnk
|
| 700 |
|
1 |
|a Цибульский
|b С. А.
|c специалист в области энергетики
|c ассистент Томского политехнического университета
|f 1990-
|g Святослав Анатольевич
|3 (RuTPU)RU\TPU\pers\31865
|
| 702 |
|
1 |
|a Галашов
|b Н. Н.
|c специалист в области энергетики
|c доцент Томского политехнического университета, кандидат технических наук
|f 1947-2025
|g Николай Никитович
|y Томск
|3 (RuTPU)RU\TPU\pers\25666
|4 727
|9 11577
|
| 712 |
0 |
2 |
|a Национальный исследовательский Томский политехнический университет (ТПУ)
|c (2009- )
|3 (RuTPU)RU\TPU\col\15902
|
| 801 |
|
1 |
|a RU
|b 63413507
|c 20190123
|
| 801 |
|
2 |
|a RU
|b 63413507
|c 20190212
|g RCR
|
| 942 |
|
|
|c BK
|